00664nam a2200241 a 4500001001300000003000900013005001700022008004100039020001000080082001500090100001700105245002400122260003100146300000900177500003500186505001500221650001200236700001700248902000800265942000700273952012700280999001500407nice12345678IN_TiNIC20260116011939.0050524s1948 kena grp 000 0 eng  ac10000a335.4bCAM aCameron, J M aScrutiny of Marxism aKentbStanhope Pressc1948 a128p aincludes index and biblioraphy2 aIllustrate aMarxism1 aCameron, J M bSRS cBK 001040708StackRoom-aHMIbHMId2007-05-01g100.00l1o335.4 CAMp05561r2022-12-22s2022-12-20v100.00w2005-05-24yBK c5015d5015